000 00732nam a22001937a 4500
999 _c12174
_d12174
003 AR-CdUCM
008 190408b ||||| |||| 00| 0 spa d
040 _aMUNICIPALIDAD PROVINCIAL DEL CUSCO
_cBIBLIOTECA MUNICIPAL DEL CUSCO
082 _aEP / 372.036 /
_bN29
110 _aFondo Editorial Navarrete
_911579
245 _aDescubrir 2 :
_bEnciclopedia Escolar, segundo grado de educación primaria /
260 _aLima :
_bNavarrete ;
_c1987.
300 _a328 páginas ;
_bIlustraciones
_c23cm
505 _aContenido: Lenguaje -- Matemática --Ciencias naturales -- Ciencias histórico sociales
650 _aEnciclopedia
_929898
650 _aEducación primaria
_91561
942 _2ddc
_cLIBROS
945 _anom
_d2019-04-08